| 000 | 00343nam a2200145Ia 4500 | ||
|---|---|---|---|
| 008 | 230312s9999||||xx |||||||||||||| ||und|| | ||
| 020 | _a0-345-41990-1 | ||
| 082 |
_a615.5 _bPUH-T |
||
| 100 | _aPuhn;adele | ||
| 245 | 0 | _a5 vital secrets for a healthy life | |
| 260 |
_bPuhn _aUK _c1998 |
||
| 300 | _a366 | ||
| 650 | _aPhysiotherapy | ||
| 942 | _cBK | ||
| 999 |
_c2649 _d2649 |
||